000 00320nam a22001457a 4500
003 SGT
082 _a344.4650954,KUM
100 _aKUMAR,H.L
245 _aPRACTICAL GUIDE TO FACTORIES ACT
250 _a7TH
260 _aNEW DELHI
_bUNIVERSAL BOOK
_c2014
300 _a300
650 _aFACTORIES ACT
942 _2ddc
_cBK
999 _c9782
_d9782